El gran Caribe : (Registro nro. 7352)

Detalles MARC
000 -LIDER
fixed length control field 01301nam a2200349 a 4500
001 - NÚMERO DE CONTROL
Identificador de número de control 000020243
003 - IDENTIFICACDOR DE NÚMERO DE CONTROL
control field DO-SdBNP
005 - DATE AND TIME OF LATEST TRANSACTION
control field 20230202124151.0
007 - CAMPOS FIJOS DE DESCRIPCIÓN FÍSICA
fixed length control field 000020243
008 - ELEMENTOS DE LONGITUD FIJA
fixed length control field 100730s2008 dr abc 001 0 spa d
020 ## - ISBN
Canceled/invalid ISBN 9789993442844
040 ## - FUENTE DE CATALOGACIÓN
Agencia que crea de manera original el registro BPMSU
Idioma de catalogación spa
Agencia que realiza la transcripción BPMSU
092 ## - LOCALLY ASSIGNED DEWEY DECIMAL CALL NUMBER
Número de clasificación 929.81
Número de ítem (Cutter) S583g
100 1# - ASIENTO PRINCIPAL -- NOMBRE PERSONAL
Nombre personal Silié, Rubén,
Numeración 1946-
245 13 - MENCIÓN DE TITULO
Título El gran Caribe :
Subtítulo un solo mar y doce premios nobel /
Mención de responsabilidad Rubén Silié, Jotamario Arbeláez ; presentación José Rafael Lantigua.
260 ## - PUBLICACIÓN, DISTRIBUCIÓN, ETC. (PIE DE IMPRENTA)
Lugar de publicación, distribución, etc Santo Domingo :
Nombre del editor, distribuidor, etc. Secretaría de Estado de Cultura,
Fecha de publicación, distribución, etc 2008.
300 ## - DESCRIPCIÓN FÍSICA
Extensión 196 p. :
Otros detalles físicos il., mapas, retrs. ;
Dimensiones 26 cm.
490 1# - MENCIÓN DE SERIES
Mención de serie Ediciones Ferilibro
504 ## - NOTA DE BIBLIOGRAFÍA, ETC.
Bibliography, etc Incluye bibliografía y notas al pie de páginas.
650 #4 - ENCABEZAMIENTO DE MATERIA--TEMÁTICO
Término temático o nombre geográfico como elemento de entrada Literatura caribeña
Subdivisión temática general Historia y crítica
650 #4 - ENCABEZAMIENTO DE MATERIA--TEMÁTICO
Término temático o nombre geográfico como elemento de entrada Premios Nobel
Subdivisión temática general Biografías
650 #4 - ENCABEZAMIENTO DE MATERIA--TEMÁTICO
Término temático o nombre geográfico como elemento de entrada Intelectuales
Subdivisión geográfica Caribe (Región)
Subdivisión temática general Ensayos, conferencias, etc.
650 #4 - ENCABEZAMIENTO DE MATERIA--TEMÁTICO
Término temático o nombre geográfico como elemento de entrada Médicos
Subdivisión geográfica Caribe (Región )
Subdivisión temática general Premios
700 12 - ASIENTO SECUNDARIO -- NOMBRE PERSONAL
Nombre personal Lantigua, José Rafael,
Fechas asociadas con el nombre 1949-,
Mención de responsabilidad present.
700 12 - ASIENTO SECUNDARIO -- NOMBRE PERSONAL
Nombre personal Arbeláez, Jotamario
710 2# - ASIENTO SECUNDARIO -- NOMBRE CORPORATIVO
Nombre corporativo o de jurisdicción Asociación de Estados del Caribe (AEC)
830 #0 - ASIENTO SECUNDARIO DE SERIE--TÍTULO UNIFORME
Título uniforme Ediciones Ferilibro
910 ## - VALIDACIÓN
Validación Validado. Control de la calidad EMS
942 ## - ADDED ENTRY ELEMENTS (KOHA)
Source of classification or shelving scheme Dewey Decimal Classification
Koha item type Libros
945 ## - INFORMACIÓN DE PROCESAMIENTO LOCAL
Información de procesamiento local Invetanariado / 2018 VM
956 ## - LOCAL ELECTRONIC LOCATION AND ACCESS (OCLC)
Nombre de host VMATEO
Número de acceso 10
Información de compresión 20130704
Inicio de sesión BPMSU
Procesador de solicitud 1524
Existencias
Withdrawn status Lost status Source of classification or shelving scheme Damaged status Not for loan Collection code Home library Current library Date acquired Full call number Barcode Date last seen Price effective from Koha item type
    Dewey Decimal Classification     Colección Dominicana Biblioteca Pública Metropolitana Salomé Ureña Biblioteca Pública Metropolitana Salomé Ureña 02/05/2015 BPMSU CD 929.81 S583g 2008 BPMSU15041106 02/05/2015 02/05/2015 Libros